Catálogo
 En Linea

Juicio a Reagan : (Registro nro. 52359)

Detalles MARC
000 -CABECERA
campo de control de longitud fija 01164nam a22002417a 4500
003 - IDENTIFICADOR DEL NÚMERO DE CONTROL
campo de control DO-SdBNP
005 - FECHA Y HORA DE LA ÚLTIMA TRANSACCIÓN
campo de control 20230411154456.0
007 - CAMPO FIJO DE DESCRIPCIÓN FÍSICA--INFORMACIÓN GENERAL
campo de control de longitud fija ta
008 - DATOS DE LONGITUD FIJA--INFORMACIÓN GENERAL
campo de control de longitud fija 220906b2013 dr ||||| |||| 00| 0 spa d
020 ## - NÚMERO INTERNACIONAL ESTÁNDAR DEL LIBRO
Número Internacional Estándar del Libro 9789945007794
040 ## - FUENTE DE LA CATALOGACIÓN
Centro catalogador/agencia de origen DO-SdBNP
Lengua de catalogación spa
Centro/agencia transcriptor BNPHU
082 #4 - NÚMERO DE LA CLASIFICACIÓN DECIMAL DEWEY
Número de edición 22
245 10 - MENCIÓN DE TÍTULO
Título Juicio a Reagan :
Resto del título tribunal Antiimperialista de Nuestra América ; capítulo del Ecuador /
Mención de responsabilidad, etc. Juan Bosch ; prólogo Jorge Núñez… [et al.]
260 ## - PUBLICACIÓN, DISTRIBUCIÓN, ETC.
Lugar de publicación, distribución, etc. Santo Domingo :
Nombre del editor, distribuidor, etc. Fundación Juan Bosch,
Fecha de publicación, distribución, etc. 2013.
300 ## - DESCRIPCIÓN FÍSICA
Extensión 86 p. ;
Dimensiones 23 cm.
490 1# - MENCIÓN DE SERIE
Mención de serie Bosch Vive ;
Designación de volumen o secuencia 7
505 0# - NOTA DE CONTENIDO CON FORMATO
Nota de contenido con formato Prólogo a esta nueva edición --
Título Las agresiones Yanquis a América Latina /
Mención de responsabilidad Jorge Núñez --
Título Yo acuso a Ronald Reagan /
Mención de responsabilidad Manuel Medina Castro --
Título Guerra a muerte al imperialismo norteamericano /
Mención de responsabilidad Guillermo Torriello --
Título Nos quieren imponer un tipo de democracia /
Mención de responsabilidad Juan Bosch --
Título Reagan ha violado el derecho internacional /
Mención de responsabilidad Juan Isaac Lovato --
Título La defensa /
Mención de responsabilidad Alfonso Jara Moral
Título Veredicto: Reagan culpable.
590 ## - NOTA LOCAL (RLIN)
Nota local Inventariado, 2022 /LP<br/><br/>
700 1# - PUNTO DE ACCESO ADICIONAL--NOMBRE DE PERSONA
Nombre de persona Núñez, Jorge,
Término indicativo de función/relación prólogo
9 (RLIN) 82324
830 #0 - PUNTO DE ACCESO ADICIONAL DE SERIE-TÍTULO UNIFORME
Título uniforme Bosch vive ;
Número de parte o sección de la obra 7
9 (RLIN) 82325
910 ## - DATOS DE OPCIÓN DEL USUARIO (OCLC)
Datos de opción del usuario Lopérez
942 ## - ELEMENTOS DE PUNTO DE ACCESO ADICIONAL (KOHA)
Fuente del sistema de clasificación o colocación Dewey Decimal Classification
Tipo de ítem Koha Libro
Existencias
Estado de retiro Estado de pérdida Fuente del sistema de clasificación o colocación Restricciones de uso No para préstamo Código de colección Localización permanente Ubicación/localización actual Ubicación en estantería Fecha de adquisición Código de barras Fecha visto por última vez Precio válido a partir de Tipo de ítem Koha Número de copia
    Dewey Decimal Classification Excluido de préstamo   Patrimonio Dominicano Biblioteca Nacional Pedro Henríquez Ureña Biblioteca Nacional Pedro Henríquez Ureña En catalogación 06.09.2022 2022-3877 06.09.2022 06.09.2022 Libro  
    Dewey Decimal Classification Excluido de préstamo   Patrimonio Dominicano Biblioteca Nacional Pedro Henríquez Ureña Biblioteca Nacional Pedro Henríquez Ureña En catalogación 06.09.2022 2022-3878 06.09.2022 06.09.2022 Libro e.2

Con tecnología Koha